| 000 | 00475nam a2200169 a 4500 | ||
|---|---|---|---|
| 001 | 2985 | ||
| 005 | 20180713182932.0 | ||
| 008 | 140415s1984 mx 000 0 spa d | ||
| 041 | _aspa | ||
| 082 |
_a380.13 _bBAR |
||
| 100 | 1 | _aBARBER, RICHARD J. | |
| 245 | 1 | 0 | _aNEGOCIOS MULTINACIONALES SU PODER SU POLITICA, SU DINERO |
| 250 | _a1a ed. | ||
| 260 |
_aMEXICO : _bED. ASOCIADOS, _c1984 |
||
| 300 | _a373 | ||
| 650 | 1 | 4 |
_aPOLITICA COMERCIAL _xPOLITICA ECONOMICA |
| 999 |
_c2985 _d2985 |
||